[Event "Udaipur Kingdom of Chess op 1st"]
[Site "Udaipur"]
[Date "2024.10.26"]
[Round "8"]
[White "Prakash, Ram"]
[Black "Shrivastava, Kushagra"]
[Result "1-0"]
[WhiteElo "1938"]
[BlackElo "1767"]
[PlyCount "121"]
[EventDate "2024.10.23"]
[EventType "swiss"]
[EventRounds "9"]
[EventCountry "IND"]
[SourceTitle "CB44_2024"]
[Source "Chessbase"]
[SourceDate "2024.10.30"]
[SourceVersion "1"]
[SourceVersionDate "2024.10.30"]
[SourceQuality "1"]

1. e4 e5 2. Nf3 Nc6 3. Bb5 a6 4. Ba4 Nf6 5. 0-0 Be7 6. Bxc6 dxc6 7. d3 Bd6 8. Nbd2 Bg4 9. h3 Bh5 10. Nc4 Qd7 11. Qe2 c5 12. Bg5 h6 13. Bxf6 gxf6 14. Ne3 0-0-0 15. g4 Bg6 16. Nh4 h5 17. Nhf5 Bf8 18. Kg2 Bh6 19. Nxh6 Rxh6 20. f3 Rg8 21. Nd5 Qd6 22. Qd2 Rhh8 23. Ne3 hxg4 24. hxg4 f5 25. Qf2 fxg4 26. fxg4 c4 27. Rad1 cxd3 28. cxd3 Bh5 29. Rh1 Qe6 30. Qg3 Qg6 31. Rh4 Qf6 32. Rdh1 Bg6 33. Nd5 Qg7 34. Ne7+ Kb8 35. Nxg8 Rxg8 36. Rf1 Rd8 37. g5 Re8 38. Rh6 Rh8 39. Rxh8+ Qxh8 40. Rc1 b6 41. Rf1 Qe8 42. b3 Qb5 43. Rh1 Qa5 44. Qf2 Qc3 45. Rh3 Qc1 46. Rg3 Bh5 47. Kh2 Bg6 48. Rg2 Kb7 49. Qd2 Qc5 50. Rf2 Qf8 51. Qc3 Qh8+ 52. Kg1 Qh4 53. Qxe5 Qg4+ 54. Kh2 Qh4+ 55. Kg2 Qg4+ 56. Qg3 Qd1 57. Qf3 Qc1 58. Qf4 Qb1 59. Qd2 Bh5 60. Rf1 Bf3+ 61. Kf2 1-0